[Event "NED-ch 2006 sf"]
[Site "Hilversum"]
[Date "2006.02.11"]
[Round "1.1"]
[White "Berkvens, Joost"]
[Black "Willemze, Thomas"]
[Result "1-0"]
[WhiteElo "2423"]
[BlackElo "2392"]
[PlyCount "60"]
[EventDate "2006.02.11"]
[Source "ChessBase"]
[SourceDate "2006.03.10"]

1. c4 Nf6 2. Nc3 c5 3. Nf3 e6 4. e4 d6 5. d4 cxd4 6. Nxd4 a6 7. g4 h6 8. Bg2
Qc7 9. Be3 Nc6 10. h3 Ne5 11. b3 b5 12. f4 Ng6 13. O-O Rb8 14. Rc1 bxc4 15. Na4
Bd7 16. Rxc4 Qb7 17. Qc2 Be7 18. Rc7 Qa8 19. Nxe6 Bxe6 20. Ra7 Qxa7 21. Bxa7
Rc8 22. Qf2 Bd7 23. g5 hxg5 24. fxg5 Bb5 25. gxf6 Bxf1 26. Bxf1 Bxf6 27. Nb6
Rc1 28. Qd2 Rc3 29. Qxd6 Ne5 30. Qb8+ Ke7 1-0

[Event "NED-ch 2006 sf"]
[Site "Hilversum"]
[Date "2006.02.11"]
[Round "1.1"]
[White "Ernst, Sipke"]
[Black "Ondersteijn, Niels"]
[Result "1-0"]
[WhiteElo "2478"]
[BlackElo "2289"]
[PlyCount "93"]
[EventDate "2006.02.11"]
[Source "ChessBase"]
[SourceDate "2006.03.10"]

1. d4 Nf6 2. c4 g6 3. Nc3 d5 4. cxd5 Nxd5 5. Bd2 Bg7 6. e4 Nb6 7. Be3 O-O 8.
Bb5 Be6 9. Nge2 Bc4 10. O-O c6 11. Bxc4 Nxc4 12. Bg5 h6 13. Bh4 g5 14. Bg3 Nxb2
15. Qb3 Qb6 16. Qc2 Nc4 17. Na4 Qb4 18. a3 Nxa3 19. Qd3 Qxa4 20. Rxa3 Qb5 21.
Qc2 c5 22. f4 cxd4 23. fxg5 hxg5 24. Rf5 Qb6 25. Bf2 Nc6 26. Rxg5 f6 27. Rg6
Rf7 28. Qa2 e5 29. Rag3 Kf8 30. h4 Ne7 31. Qa3 Qb1+ 32. Kh2 b5 33. Qd6 Qxe4 34.
Rxg7 Qxh4+ 35. Kg1 Qh8 36. R7g4 Rh7 37. Bxd4 Kf7 38. Nf4 exf4 39. Rg7+ Rxg7 40.
Qxf6+ Ke8 41. Rxg7 Qf8 42. Qe6 Rd8 43. Bf6 Rd1+ 44. Kf2 Rd2+ 45. Kf1 Rd1+ 46.
Ke2 Rd7 47. Rh7 1-0

[Event "NED-ch 2006 sf"]
[Site "Hilversum"]
[Date "2006.02.11"]
[Round "1.1"]
[White "Janssen, Ruud"]
[Black "Koster, Wim"]
[Result "1-0"]
[WhiteElo "2499"]
[BlackElo "2210"]
[PlyCount "75"]
[EventDate "2006.02.11"]
[Source "ChessBase"]
[SourceDate "2006.03.10"]

1. Nf3 Nf6 2. c4 g6 3. Nc3 d5 4. Qa4+ Bd7 5. Qb3 dxc4 6. Qxc4 Bg7 7. e4 O-O 8.
e5 Be6 9. exf6 Bxc4 10. fxg7 Kxg7 11. Bxc4 Nc6 12. O-O e5 13. d3 f6 14. Be3 Re8
15. Bb5 Nd4 16. Bxd4 exd4 17. Bxe8 dxc3 18. Rfe1 cxb2 19. Rab1 Qxd3 20. Rxb2
Qc3 21. Rxb7 Kf8 22. Ba4 a5 23. Rbb1 Qa3 24. Bb3 Rd8 25. Re4 Qc5 26. Rc4 Qa7
27. Rbc1 Rd7 28. h3 Re7 29. Rf4 Qb6 30. Rd1 Kg7 31. Rd8 h5 32. Rg8+ Kh7 33. Rf8
Kg7 34. Rg8+ Kh7 35. Rd4 a4 36. Rxa4 Re2 37. Rd4 Re1+ 38. Kh2 1-0

[Event "NED-ch 2006 sf"]
[Site "Hilversum"]
[Date "2006.02.11"]
[Round "1.1"]
[White "Leenhouts, Koen"]
[Black "Wiersma, Eelke"]
[Result "1-0"]
[WhiteElo "2398"]
[BlackElo "2409"]
[PlyCount "101"]
[EventDate "2006.02.11"]
[Source "ChessBase"]
[SourceDate "2006.03.10"]

1. e4 c5 2. Nf3 Nc6 3. Bb5 g6 4. Bxc6 bxc6 5. O-O Bg7 6. Re1 Nf6 7. e5 Nd5 8.
c4 Nc7 9. d4 cxd4 10. Qxd4 d6 11. Bh6 Ne6 12. Qe3 Bxe5 13. Nxe5 dxe5 14. Qxe5
f6 15. Qe4 Qc7 16. Nc3 Kf7 17. c5 Rd8 18. Be3 Rb8 19. Re2 f5 20. Qh4 h5 21. Bg5
Rd4 22. f4 Qd8 23. Rae1 Rb7 24. Qf2 Rd3 25. h3 Qd4 26. Qxd4 Rxd4 27. b3 Rd3 28.
Na4 Nxg5 29. fxg5 Rbd7 30. Nb2 Rd2 31. Nc4 Rxe2 32. Rxe2 Rc7 33. Ne5+ Kg7 34.
Rd2 Be6 35. Rd8 Bd5 36. g3 Rb7 37. Rc8 Rb5 38. Nxc6 Bxc6 39. Rxc6 a5 40. Kf2 a4
41. bxa4 Rb2+ 42. Ke3 Rxa2 43. Ra6 Ra3+ 44. Kd4 h4 45. gxh4 f4 46. c6 f3 47. c7
f2 48. c8=Q Rd3+ 49. Ke4 f1=Q 50. Rxg6+ Kxg6 51. Qg8+ 1-0

[Event "NED-ch 2006 sf"]
[Site "Hilversum"]
[Date "2006.02.11"]
[Round "1.1"]
[White "Smeets, Jan"]
[Black "Van Hecke, Ewout"]
[Result "1-0"]
[WhiteElo "2550"]
[BlackElo "2171"]
[PlyCount "47"]
[EventDate "2006.02.11"]
[Source "ChessBase"]
[SourceDate "2006.03.10"]

1. e4 c5 2. Nf3 d6 3. d4 cxd4 4. Nxd4 Nf6 5. Nc3 a6 6. Be3 e5 7. Nb3 Be6 8. f3
Be7 9. Qd2 O-O 10. O-O-O Nbd7 11. g4 b5 12. g5 b4 13. Ne2 Ne8 14. Kb1 a5 15.
Ng3 a4 16. Nc1 b3 17. axb3 axb3 18. Nxb3 Bxb3 19. cxb3 Qb8 20. Bc4 Bd8 21. Bd5
Ba5 22. Qd3 g6 23. Bxa8 Qxa8 24. Qb5 1-0

[Event "NED-ch 2006 sf"]
[Site "Hilversum"]
[Date "2006.02.11"]
[Round "1.1"]
[White "Tondivar, Babak"]
[Black "De Vreugt, Dennis"]
[Result "1-0"]
[WhiteElo "2357"]
[BlackElo "2429"]
[PlyCount "105"]
[EventDate "2006.02.11"]
[Source "ChessBase"]
[SourceDate "2006.03.10"]

1. d4 d5 2. c4 c6 3. e3 Nf6 4. Nc3 a6 5. Qc2 g6 6. Bd3 Bg7 7. Nf3 O-O 8. O-O
Bg4 9. Ne5 Be6 10. Bd2 dxc4 11. Nxc4 a5 12. Ne2 Nbd7 13. e4 Bxc4 14. Bxc4 e5
15. Bc3 Qe7 16. Rfe1 exd4 17. Nxd4 Ng4 18. h3 Qc5 19. Ne6 Qxc4 20. Nxf8 Rxf8
21. hxg4 Nc5 22. Re2 Bxc3 23. bxc3 Rd8 24. Re3 Ne6 25. Qb3 Qa6 26. Rd1 Rxd1+
27. Qxd1 a4 28. Qd6 Qc4 29. a3 Qb3 30. g3 c5 31. c4 Qxc4 32. Qb8+ Kg7 33. Qxb7
Qc1+ 34. Kg2 Qd1 35. Qb2+ Nd4 36. Qc3 Qxg4 37. Qxc5 Ne6 38. Qe5+ f6 39. Qd6 g5
40. Kf1 Kg6 41. e5 Qc4+ 42. Qd3+ Qxd3+ 43. Rxd3 fxe5 44. Rd5 Kf5 45. Ra5 h5 46.
Rxa4 Nd4 47. Ra8 h4 48. gxh4 gxh4 49. Kg2 Ne6 50. a4 Nf4+ 51. Kh2 Kg4 52. a5
Kf3 53. a6 1-0

[Event "NED-ch 2006 sf"]
[Site "Hilversum"]
[Date "2006.02.11"]
[Round "1.1"]
[White "Wemmers, Xander"]
[Black "Willemze, Jeroen"]
[Result "1-0"]
[WhiteElo "2411"]
[BlackElo "2398"]
[PlyCount "99"]
[EventDate "2006.02.11"]
[Source "ChessBase"]
[SourceDate "2006.03.10"]

1. d4 d5 2. c4 c6 3. Nf3 Nf6 4. Qc2 a6 5. Bf4 dxc4 6. Qxc4 b5 7. Qc2 Bb7 8. e3
e6 9. Be2 Nbd7 10. a4 b4 11. O-O c5 12. dxc5 Nxc5 13. Nbd2 Be7 14. Rfd1 O-O 15.
Nc4 Be4 16. Rxd8 Bxc2 17. Rxa8 Rxa8 18. Nd4 Bd3 19. Nb6 Re8 20. a5 Bxe2 21.
Nxe2 Nd3 22. Rd1 Nxf4 23. Nxf4 g5 24. Ne2 Ne4 25. Nd4 Rd8 26. f3 Nc5 27. Rc1
Nd3 28. Rc7 Bc5 29. Nc6 Bxe3+ 30. Kf1 Bf4 31. Rb7 Rd6 32. Nc8 Nxb2 33. Nxd6
Bxd6 34. Nxb4 Nc4 35. Nxa6 Nxa5 36. Rb5 Nc4 37. Rxg5+ Kf8 38. g3 h6 39. Rb5
Ne3+ 40. Ke2 Nd5 41. Kf2 Kg7 42. Nc5 Bxc5+ 43. Rxc5 Kg6 44. f4 h5 45. Kf3 f5
46. Rxd5 exd5 47. Ke3 h4 48. Kd4 Kh5 49. gxh4 Kg4 50. h5 1-0

[Event "NED-ch 2006 sf"]
[Site "Hilversum"]
[Date "2006.02.11"]
[Round "1.1"]
[White "Wustefeld, Emile"]
[Black "Jonkman, Harmen"]
[Result "1-0"]
[WhiteElo "2317"]
[BlackElo "2470"]
[PlyCount "89"]
[EventDate "2006.02.11"]
[Source "ChessBase"]
[SourceDate "2006.03.10"]

1. e4 e5 2. Nc3 Nf6 3. Bc4 Nc6 4. d3 Na5 5. Nge2 Nxc4 6. dxc4 Bc5 7. f3 a6 8.
Qd3 d6 9. Be3 Bxe3 10. Qxe3 Be6 11. c5 dxc5 12. Qg5 O-O 13. Qxe5 b6 14. Rd1 Qc8
15. O-O Re8 16. Qg3 Qb7 17. Nf4 Bc4 18. Rfe1 Red8 19. e5 Ne8 20. b3 Be6 21. Ne4
Rd4 22. c3 Rxd1 23. Rxd1 Bf5 24. Nf6+ Kh8 25. Qg5 gxf6 26. Qxf5 Qc6 27. e6 fxe6
28. Nxe6 Kg8 29. Qg4+ Kf7 30. Nd8+ Rxd8 31. Rxd8 Ke7 32. Rd1 Nd6 33. Re1+ Kd8
34. Qe6 c4 35. Qxf6+ Kc8 36. bxc4 Qa4 37. Qe6+ Kd8 38. c5 bxc5 39. Qb3 Qh4 40.
g3 Qf6 41. Qg8+ Kd7 42. Qxh7+ Kc6 43. Qd3 c4 44. Qe3 Qf5 45. h4 1-0

[Event "NED-ch 2006 sf"]
[Site "Hilversum"]
[Date "2006.02.12"]
[Round "1.2"]
[White "Bosboom, Manuel"]
[Black "Van Haastert, Edwin"]
[Result "1/2-1/2"]
[WhiteElo "2402"]
[BlackElo "2408"]
[PlyCount "90"]
[EventDate "2006.02.11"]
[Source "ChessBase"]
[SourceDate "2006.03.10"]

1. d4 Nf6 2. Nf3 e6 3. c4 Nc6 4. Nc3 Bb4 5. Qc2 d6 6. a3 Bxc3+ 7. Qxc3 O-O 8.
b4 e5 9. dxe5 Ne4 10. Qe3 f5 11. Bb2 Be6 12. Rd1 Qe7 13. g4 Nxe5 14. Nxe5 dxe5
15. gxf5 Bxf5 16. Bg2 Qh4 17. Bxe4 Bxe4 18. Rg1 Rae8 19. Rd7 Rf7 20. Rxf7 Kxf7
21. Rg3 Bg6 22. Qf3+ Kg8 23. Rg4 Qh5 24. Qg3 Qf5 25. e4 Qe6 26. h4 Qxc4 27. h5
Bxh5 28. Rxg7+ Kf8 29. f3 Bxf3 30. Kf2 Qe2+ 31. Kg1 Qe3+ 32. Kf1 Be2+ 33. Kg2
Qf3+ 34. Kh2 Qxg3+ 35. Rxg3 c6 36. Kg2 Bh5 37. Rg5 Bg6 38. Kf3 Kf7 39. Rxe5
Rxe5 40. Bxe5 Ke6 41. Bb8 a5 42. Kf4 a4 43. Ba7 b5 44. Bf2 h5 45. Ke3 Be8
1/2-1/2

[Event "NED-ch 2006 sf"]
[Site "Hilversum"]
[Date "2006.02.12"]
[Round "1.2"]
[White "Carlier, Bruno"]
[Black "Rothuis, Vincent"]
[Result "0-1"]
[WhiteElo "2464"]
[BlackElo "2342"]
[PlyCount "50"]
[EventDate "2006.02.11"]
[Source "ChessBase"]
[SourceDate "2006.03.10"]

1. Nf3 Nf6 2. g3 d5 3. Bg2 Bf5 4. O-O h6 5. c4 c6 6. cxd5 cxd5 7. Qb3 Qb6 8.
Qxb6 axb6 9. Nc3 Bd7 10. d3 e6 11. e4 dxe4 12. dxe4 Bc5 13. e5 Nd5 14. Nxd5
exd5 15. Bd2 Nc6 16. a3 Be6 17. b4 Bd4 18. Rac1 Rxa3 19. b5 Rxf3 20. Bxf3 Nxe5
21. Bg2 Bc5 22. Rcd1 d4 23. Bf4 Nc4 24. Bxb7 g5 25. Bc7 Kd7 0-1

[Event "NED-ch 2006 sf"]
[Site "Hilversum"]
[Date "2006.02.12"]
[Round "1.2"]
[White "De Vreugt, Dennis"]
[Black "Tondivar, Babak"]
[Result "1-0"]
[WhiteElo "2429"]
[BlackElo "2357"]
[PlyCount "77"]
[EventDate "2006.02.11"]
[Source "ChessBase"]
[SourceDate "2006.03.10"]

1. e4 e6 2. d4 d5 3. Nc3 Bb4 4. e5 c5 5. a3 Bxc3+ 6. bxc3 Qa5 7. Bd2 Qa4 8. Qb1
a6 9. Nf3 Nc6 10. dxc5 Qe4+ 11. Be3 Nxe5 12. Be2 Ne7 13. O-O O-O 14. Ng5 Qa4
15. Qb3 Qc6 16. f4 Nd7 17. Qb4 h6 18. Nf3 Qc7 19. a4 Nc6 20. Qa3 e5 21. fxe5
Ndxe5 22. Nd4 Bd7 23. Bf4 Rfe8 24. Rab1 Na5 25. Bh5 g6 26. Bf3 Rac8 27. Bxd5
Qxc5 28. Qa2 Nac4 29. Bxb7 Rb8 30. Bxa6 Rxb1 31. Qxb1 g5 32. Bc1 Nd6 33. Qb4
Ne4 34. Qxc5 Nxc5 35. Bb5 Nxa4 36. c4 Rc8 37. Nf5 Bxf5 38. Rxf5 Nc3 39. Rxe5
1-0

[Event "NED-ch 2006 sf"]
[Site "Hilversum"]
[Date "2006.02.12"]
[Round "1.2"]
[White "Jonkman, Harmen"]
[Black "Wustefeld, Emile"]
[Result "1-0"]
[WhiteElo "2470"]
[BlackElo "2317"]
[PlyCount "121"]
[EventDate "2006.02.11"]
[Source "ChessBase"]
[SourceDate "2006.03.10"]

1. e4 e6 2. d4 d5 3. e5 c5 4. c3 Nc6 5. Nf3 Bd7 6. a3 f6 7. Bd3 Qc7 8. O-O
O-O-O 9. Qe2 c4 10. Bc2 f5 11. Ng5 Nh6 12. Nd2 Be7 13. h4 Na5 14. Rb1 Kb8 15.
Re1 Ka8 16. Nf1 Rdf8 17. Ng3 Nf7 18. Nh5 Nxg5 19. Bxg5 Bxg5 20. hxg5 Be8 21.
Nf4 Bd7 22. g3 Qd8 23. Qh5 h6 24. g6 Qe7 25. Kg2 Rc8 26. Rh1 Rhf8 27. g4 fxg4
28. Qxg4 Nb3 29. Rbd1 Ba4 30. Bb1 Rc6 31. Rh3 Rb6 32. Bc2 Rc6 33. Rf3 Nc5 34.
Bxa4 Nxa4 35. Rd2 Nb6 36. Re2 Rf5 37. Kf1 Rc8 38. Ree3 Rcf8 39. Ke2 Qd7 40. Nh5
Nc8 41. Ng3 Ne7 42. Nxf5 Nxf5 43. Rxf5 Rxf5 44. Rf3 a6 45. Rxf5 exf5 46. Qh5
Ka7 47. Kf3 Qb5 48. Kg2 Qd7 49. Kg3 Qe6 50. Kf4 Qb6 51. Kxf5 Qxb2 52. Qf3 Qb1+
53. Ke6 Qxg6+ 54. Ke7 h5 55. e6 h4 56. Qh3 Kb6 57. Kd8 Kc6 58. Qe3 Qf6+ 59. e7
Qd6+ 60. Ke8 Qg6+ 61. Kf8 1-0

[Event "NED-ch 2006 sf"]
[Site "Hilversum"]
[Date "2006.02.12"]
[Round "1.2"]
[White "Koster, Wim"]
[Black "Janssen, Ruud"]
[Result "0-1"]
[WhiteElo "2210"]
[BlackElo "2499"]
[PlyCount "82"]
[EventDate "2006.02.11"]
[Source "ChessBase"]
[SourceDate "2006.03.10"]

1. e4 c5 2. c3 Nf6 3. e5 Nd5 4. Nf3 e6 5. g3 Nc6 6. Bg2 d6 7. exd6 Bxd6 8. O-O
O-O 9. d3 b6 10. Nbd2 Bb7 11. Qe2 Qd7 12. Nc4 Rad8 13. Nxd6 Qxd6 14. Rd1 e5 15.
Nd2 Ba6 16. Qf3 Nde7 17. Ne4 Qd7 18. g4 Bxd3 19. Qg3 c4 20. b3 Qc7 21. Ba3 b5
22. Bc5 Rfe8 23. b4 Nd5 24. Re1 Nb6 25. h4 Na4 26. h5 Ne7 27. Bxe7 Qxe7 28. g5
Kh8 29. h6 gxh6 30. Nf6 Nxc3 31. Bf3 hxg5 32. Nxe8 Rxe8 33. Bc6 Rc8 34. Rxe5
Ne2+ 35. Rxe2 Qxe2 36. Bf3 Qe7 37. a3 a6 38. Rc1 Re8 39. Qg4 h6 40. Kg2 Kg7 41.
Bc6 Be4+ 0-1

[Event "NED-ch 2006 sf"]
[Site "Hilversum"]
[Date "2006.02.12"]
[Round "1.2"]
[White "Kroeze, Frank"]
[Black "Hoeksema, Erik"]
[Result "1-0"]
[WhiteElo "2419"]
[BlackElo "2397"]
[PlyCount "49"]
[EventDate "2006.02.11"]
[Source "ChessBase"]
[SourceDate "2006.03.10"]

1. e4 c5 2. Nf3 Nc6 3. d4 cxd4 4. Nxd4 Nf6 5. Nc3 e5 6. Ndb5 d6 7. Bg5 a6 8.
Na3 b5 9. Bxf6 gxf6 10. Nd5 f5 11. c3 Bg7 12. exf5 Bxf5 13. Nc2 Be6 14. g3 O-O
15. Bg2 a5 16. O-O f5 17. Nf4 exf4 18. Bxc6 fxg3 19. hxg3 f4 20. Nd4 Bh3 21.
Qh5 Bxd4 22. Qxh3 Be5 23. Bxa8 Qxa8 24. gxf4 Rxf4 25. Qg2+ 1-0

[Event "NED-ch 2006 sf"]
[Site "Hilversum"]
[Date "2006.02.12"]
[Round "1.2"]
[White "Michielsen, Joost"]
[Black "Solleveld, Maarten"]
[Result "0-1"]
[WhiteElo "2352"]
[BlackElo "2463"]
[PlyCount "124"]
[EventDate "2006.02.11"]
[Source "ChessBase"]
[SourceDate "2006.03.10"]

1. e4 c5 2. Nf3 e6 3. d4 cxd4 4. Nxd4 a6 5. c4 Nf6 6. Nc3 Bb4 7. Qd3 Qc7 8. Be2
b6 9. f4 Bxc3+ 10. bxc3 d6 11. Ba3 Nbd7 12. Nb3 Nc5 13. Nxc5 bxc5 14. O-O O-O
15. Bf3 Bb7 16. Rab1 Bc6 17. Rf2 Rfd8 18. Rd2 Ne8 19. Rbd1 Rab8 20. Kh1 h6 21.
Qe3 Qa5 22. Bc1 Rb1 23. e5 Ba4 24. Re1 Qc7 25. f5 exf5 26. e6 Nf6 27. Qd3 Rbb8
28. Qxf5 fxe6 29. Qxe6+ Kh8 30. Rde2 Re8 31. Qf5 Rxe2 32. Rxe2 Qf7 33. Bd5 Bd7
34. Qf4 Qf8 35. h3 g5 36. Qf3 Nxd5 37. cxd5 Qxf3 38. gxf3 Rb1 39. Re1 Bxh3 40.
Kg1 Bf5 41. Kf2 Kg7 42. Be3 Rxe1 43. Kxe1 Bb1 44. a3 Ba2 45. f4 g4 46. f5 h5
47. Bf4 Bxd5 48. Bxd6 Kf6 49. Kf2 h4 50. Ke3 Kxf5 51. Be7 h3 52. Bd6 Ke6 53.
Bg3 Bf3 54. Kd3 Kd5 55. c4+ Ke6 56. Ke3 Kf5 57. Bd6 Bb7 58. Bg3 a5 59. Bd6 a4
60. Kf2 Ke4 61. Bxc5 h2 62. Kg2 g3 0-1

[Event "NED-ch 2006 sf"]
[Site "Hilversum"]
[Date "2006.02.12"]
[Round "1.2"]
[White "Ondersteijn, Niels"]
[Black "Ernst, Sipke"]
[Result "1/2-1/2"]
[WhiteElo "2289"]
[BlackElo "2478"]
[PlyCount "53"]
[EventDate "2006.02.11"]
[Source "ChessBase"]
[SourceDate "2006.03.10"]

1. e4 e5 2. Nf3 Nc6 3. Bb5 a6 4. Ba4 Nf6 5. Qe2 Be7 6. Bxc6 dxc6 7. O-O Nd7 8.
d4 exd4 9. Nxd4 O-O 10. Rd1 Qe8 11. e5 Nc5 12. Nc3 f5 13. exf6 Bxf6 14. Qxe8
Rxe8 15. Bf4 Bg4 16. f3 Bxd4+ 17. Rxd4 Ne6 18. Rd7 Bxf3 19. gxf3 Nxf4 20. Rxc7
Ne2+ 21. Nxe2 Rxe2 22. Rd1 Rxc2 23. Rdd7 Kh8 24. Rxg7 Rd8 25. Rxh7+ Kg8 26.
Rhg7+ Kh8 27. Rh7+ 1/2-1/2

[Event "NED-ch 2006 sf"]
[Site "Hilversum"]
[Date "2006.02.12"]
[Round "1.2"]
[White "Van Hecke, Ewout"]
[Black "Smeets, Jan"]
[Result "0-1"]
[WhiteElo "2171"]
[BlackElo "2550"]
[PlyCount "44"]
[EventDate "2006.02.11"]
[Source "ChessBase"]
[SourceDate "2006.03.10"]

1. d4 d5 2. c4 c6 3. Nc3 Nf6 4. e3 a6 5. Nf3 Bf5 6. Bd3 Bxd3 7. Qxd3 e6 8. O-O
Be7 9. b3 b5 10. Bb2 Nbd7 11. cxb5 axb5 12. a4 bxa4 13. Nxa4 Ne4 14. Rfc1 Qc7
15. Rc2 O-O 16. Rac1 Rfc8 17. Ne1 Qb7 18. f3 Nef6 19. e4 Ra5 20. e5 Ne8 21. Ba1
Rb5 22. Rb1 Ra8 0-1

[Event "NED-ch 2006 sf"]
[Site "Hilversum"]
[Date "2006.02.12"]
[Round "1.2"]
[White "Van der Wiel, John"]
[Black "De Rover, Yong Hoon"]
[Result "1-0"]
[WhiteElo "2505"]
[BlackElo "2204"]
[PlyCount "79"]
[EventDate "2006.02.11"]
[Source "ChessBase"]
[SourceDate "2006.03.10"]

1. e4 c6 2. Nf3 d5 3. Nc3 Bg4 4. h3 Bxf3 5. Qxf3 Nf6 6. g3 e6 7. Bg2 Be7 8. O-O
O-O 9. d4 dxe4 10. Qe3 Nbd7 11. Nxe4 Qb6 12. c3 a5 13. Rd1 a4 14. c4 Rfd8 15.
Nc3 Bf8 16. Qe2 Qa6 17. Bf4 g6 18. Rac1 Bg7 19. Rc2 Rac8 20. d5 cxd5 21. cxd5
e5 22. Qxa6 bxa6 23. Be3 e4 24. Rdc1 Rc4 25. a3 Ne5 26. Bf1 Nd3 27. Nxe4 Rxc2
28. Rxc2 Nxd5 29. Rd2 Ne5 30. Be2 Nc6 31. Bg5 Re8 32. Bc4 Nd4 33. Bxd5 Nf3+ 34.
Kg2 Nxd2 35. Bxd2 Rd8 36. Bc6 f5 37. Ba5 Rb8 38. Nc5 Rxb2 39. Bxa4 Bd4 40. Nd3
1-0

[Event "NED-ch 2006 sf"]
[Site "Hilversum"]
[Date "2006.02.12"]
[Round "1.2"]
[White "Visser, Yge"]
[Black "Duijker, Rick"]
[Result "1-0"]
[WhiteElo "2485"]
[BlackElo "2249"]
[PlyCount "59"]
[EventDate "2006.02.11"]
[Source "ChessBase"]
[SourceDate "2006.03.10"]

1. e4 c5 2. Nf3 Nc6 3. Bb5 Na5 4. O-O a6 5. Be2 e6 6. Re1 b5 7. Bf1 Nf6 8. c3
Bb7 9. d3 d6 10. Nbd2 Be7 11. a3 O-O 12. b3 Nc6 13. Bb2 e5 14. d4 Nd7 15. d5
Ncb8 16. a4 b4 17. a5 bxc3 18. Bxc3 f5 19. exf5 Rxf5 20. Ne4 Nf6 21. Ng3 Rf4
22. Bc4 Rd4 23. Bxd4 exd4 24. Qe2 Bf8 25. Qe6+ Kh8 26. Ng5 Qd7 27. Nf7+ Kg8 28.
Nxd6+ Qxe6 29. dxe6 Bxd6 30. e7+ 1-0

[Event "NED-ch 2006 sf"]
[Site "Hilversum"]
[Date "2006.02.12"]
[Round "1.2"]
[White "Wiersma, Eelke"]
[Black "Leenhouts, Koen"]
[Result "0-1"]
[WhiteElo "2409"]
[BlackElo "2398"]
[PlyCount "70"]
[EventDate "2006.02.11"]
[Source "ChessBase"]
[SourceDate "2006.03.10"]

1. e4 e5 2. Nf3 Nc6 3. d4 exd4 4. Nxd4 Bb4+ 5. c3 Bc5 6. Nxc6 bxc6 7. Bd3 Ne7
8. O-O O-O 9. Nd2 Ng6 10. Kh1 Nf4 11. Bc2 Ba6 12. Nb3 Bd6 13. Re1 Qf6 14. Be3
g5 15. Qf3 h5 16. Rad1 Be5 17. Bd4 g4 18. Qe3 d6 19. Bxe5 Qxe5 20. Nd4 Bb7 21.
f3 c5 22. Nf5 gxf3 23. Rg1 Kh8 24. gxf3 Rg8 25. Rg3 Rg6 26. Bb3 Rf6 27. Rg5 Rg8
28. Rxg8+ Kxg8 29. Rg1+ Kf8 30. Rg5 Rg6 31. Rxg6 fxg6 32. Nh4 Kg7 33. Ng2 Nh3
34. Qe2 Qg5 35. Ne3 Qg1# 0-1

[Event "NED-ch 2006 sf"]
[Site "Hilversum"]
[Date "2006.02.12"]
[Round "1.2"]
[White "Willemze, Jeroen"]
[Black "Wemmers, Xander"]
[Result "1-0"]
[WhiteElo "2398"]
[BlackElo "2411"]
[PlyCount "65"]
[EventDate "2006.02.11"]
[Source "ChessBase"]
[SourceDate "2006.03.10"]

1. e4 c5 2. Nf3 g6 3. Bc4 Bg7 4. O-O Nc6 5. c3 e6 6. Re1 Nge7 7. Bf1 d5 8. e5
O-O 9. d4 cxd4 10. cxd4 Nf5 11. Nc3 f6 12. g4 Nh4 13. Nxh4 fxe5 14. g5 exd4 15.
Ne2 e5 16. Bg2 e4 17. Qb3 Na5 18. Qb4 Nc6 19. Qc5 d3 20. Nf4 Bd4 21. Qb5 Qxg5
22. Nxd3 Qd8 23. Bh6 Rf7 24. Bxe4 dxe4 25. Rxe4 Bh3 26. Rae1 Qd7 27. Qc4 Bg7
28. Nc5 Na5 29. Nxd7 Nxc4 30. Re8+ Rxe8 31. Rxe8+ Bf8 32. Nxf8 Nd6 33. Rd8 1-0

[Event "NED-ch 2006 sf"]
[Site "Hilversum"]
[Date "2006.02.12"]
[Round "1.2"]
[White "Willemze, Thomas"]
[Black "Berkvens, Joost"]
[Result "0-1"]
[WhiteElo "2392"]
[BlackElo "2423"]
[PlyCount "80"]
[EventDate "2006.02.11"]
[Source "ChessBase"]
[SourceDate "2006.03.10"]

1. e4 e5 2. Nf3 Nc6 3. Nc3 Nf6 4. Bb5 Bd6 5. a3 O-O 6. d3 h6 7. g4 Na5 8. g5
hxg5 9. Bxg5 c6 10. Nh4 Be7 11. Nf5 d5 12. Nxe7+ Qxe7 13. exd5 cxb5 14. Ne4 Bf5
15. Bxf6 gxf6 16. Qd2 Bg6 17. h4 f5 18. d6 Qe6 19. Ng5 Qd5 20. Rg1 Nc6 21. c3
Rad8 22. h5 Rxd6 23. O-O-O Qa2 24. Nf3 b4 25. Qc2 b3 26. Qb1 Qxb1+ 27. Kxb1
Rfd8 28. Nh4 Rxd3 29. Rdf1 Rh3 30. Nxg6 fxg6 31. Rxg6+ Kf7 32. Rfg1 Ne7 33. Rh6
Rg8 34. Rh7+ Kf8 35. Re1 Rd3 36. Rh1 Rg7 37. Rh8+ Kf7 38. h6 Rg8 39. Rh7+ Kf6
40. Kc1 Rd7 0-1

[Event "NED-ch 2006 sf"]
[Site "Hilversum"]
[Date "2006.02.12"]
[Round "1.3"]
[White "De Vreugt, Dennis"]
[Black "Tondivar, Babak"]
[Result "1/2-1/2"]
[WhiteElo "2429"]
[BlackElo "2357"]
[PlyCount "121"]
[EventDate "2006.02.11"]
[Source "ChessBase"]
[SourceDate "2006.03.10"]

1. e4 e6 2. d4 d5 3. Nc3 Bb4 4. exd5 exd5 5. Bd3 Nc6 6. a3 Bxc3+ 7. bxc3 Be6 8.
Qh5 Nf6 9. Qg5 O-O 10. f3 Ne7 11. Ne2 Qd7 12. g4 b6 13. Qh4 Ng6 14. Qf2 Rfc8
15. h4 c5 16. h5 Nf8 17. Nf4 Ne8 18. Nh3 Nd6 19. Qg3 f6 20. Rb1 h6 21. Bf4 Nc4
22. Bxc4 dxc4 23. Rd1 cxd4 24. Rxd4 Qa4 25. Kd2 Rd8 26. Bd6 Rd7 27. Re1 Qc6 28.
Bxf8 Rxd4+ 29. cxd4 c3+ 30. Kd1 Rxf8 31. Nf4 Bc4 32. Re3 Qd6 33. d5 Qxa3 34.
Ne2 Bxd5 35. Nxc3 Bf7 36. Qc7 Qc5 37. Qxc5 bxc5 38. Na4 c4 39. Re7 Re8 40. Rxa7
Re3 41. Kd2 Rxf3 42. Ra8+ Kh7 43. Nc5 g6 44. Ke2 Rf4 45. Ra7 Kg8 46. Ke3 Rf1
47. Ne4 gxh5 48. Ng3 Rg1 49. Nf5 Kf8 50. Kf2 Rxg4 51. Ra8+ Be8 52. Nd6 Ke7 53.
Nxe8 Rg8 54. Nc7 Rxa8 55. Nxa8 Kd6 56. Nb6 Kc5 57. Nd7+ Kd4 58. Nxf6 h4 59. Ng4
Kc3 60. Ne3 Kd2 61. Nxc4+ 1/2-1/2

[Event "NED-ch 2006 sf"]
[Site "Hilversum"]
[Date "2006.02.12"]
[Round "1.3"]
[White "Kroeze, Frank"]
[Black "Hoeksema, Erik"]
[Result "0-1"]
[WhiteElo "2419"]
[BlackElo "2397"]
[PlyCount "124"]
[EventDate "2006.02.11"]
[Source "ChessBase"]
[SourceDate "2006.03.10"]

1. e4 c5 2. Nf3 d6 3. d4 cxd4 4. Qxd4 Nc6 5. Bb5 Bd7 6. Bxc6 Bxc6 7. Nc3 h6 8.
Qd3 e5 9. O-O Nf6 10. b4 b6 11. a4 Be7 12. a5 b5 13. Re1 a6 14. Nh4 g6 15. Nf3
Kf8 16. Bb2 Qc7 17. Nd2 Qb7 18. f3 Kg7 19. Nf1 Rhd8 20. Ne3 Kh7 21. Ncd5 Bxd5
22. exd5 Rac8 23. Rac1 Nh5 24. g3 Bg5 25. Kg2 Bxe3 26. Rxe3 Rc4 27. Re4 Rdc8
28. Rxc4 Rxc4 29. c3 Nf6 30. Rd1 Qc8 31. Qe3 Qf5 32. Qd3 e4 33. fxe4 Qxe4+ 34.
Qxe4 Nxe4 35. Rd3 f5 36. h3 g5 37. Kf3 Kg6 38. Re3 h5 39. Rd3 Kf6 40. Ke2 Ke5
41. Kf3 g4+ 42. hxg4 hxg4+ 43. Kg2 Nf6 44. Bc1 Nxd5 45. Bh6 Re4 46. Kf2 Ke6 47.
Bg7 f4 48. gxf4 Nxf4 49. Rd2 d5 50. Bh6 Nh5 51. Kg2 Re1 52. Rf2 Nf6 53. Bg7 Ne4
54. Rf8 Re2+ 55. Kf1 Rc2 56. Ra8 g3 57. Rxa6+ Kf5 58. Bd4 Kg4 59. Ra8 Ng5 60.
Rg8 Ra2 61. c4 dxc4 62. Bf6 Rf2+ 0-1

[Event "NED-ch 2006 sf"]
[Site "Hilversum"]
[Date "2006.02.12"]
[Round "1.3"]
[White "Willemze, Jeroen"]
[Black "Wemmers, Xander"]
[Result "0-1"]
[WhiteElo "2398"]
[BlackElo "2411"]
[PlyCount "50"]
[EventDate "2006.02.11"]
[Source "ChessBase"]
[SourceDate "2006.03.10"]

1. e4 c5 2. Nf3 g6 3. c3 Bg7 4. d4 cxd4 5. cxd4 d5 6. e5 Bg4 7. Qb3 Qd7 8. Nc3
Bxf3 9. gxf3 Nc6 10. Be3 Nh6 11. Bb5 e6 12. Na4 O-O 13. Rc1 Nf5 14. Bxc6 bxc6
15. Ke2 f6 16. f4 g5 17. exf6 Bxf6 18. fxg5 Nxd4+ 19. Bxd4 Bxd4 20. f3 e5 21.
Qd3 Qh3 22. Rcf1 Rf4 23. Qa6 Qg2+ 24. Kd1 Be3 25. Qe2 Rd4+ 0-1

[Event "NED-ch 2006 sf"]
[Site "Hilversum"]
[Date "2006.02.12"]
[Round "1.3"]
[White "Wustefeld, Emile"]
[Black "Jonkman, Harmen"]
[Result "1-0"]
[WhiteElo "2317"]
[BlackElo "2470"]
[PlyCount "79"]
[EventDate "2006.02.11"]
[Source "ChessBase"]
[SourceDate "2006.03.10"]

1. e4 e5 2. Nc3 Nf6 3. Bc4 Nxe4 4. Qh5 Nd6 5. Bb3 Be7 6. Nf3 g6 7. Qxe5 O-O 8.
h4 Nc6 9. Qf4 Na5 10. d4 Nxb3 11. axb3 Re8 12. Kf1 f6 13. Bd2 c6 14. Re1 Nf7
15. d5 d6 16. Nd4 Ne5 17. Qg3 c5 18. Ne6 Bxe6 19. dxe6 f5 20. Nd5 Bf6 21. h5 g5
22. f4 Ng4 23. fxg5 Be5 24. Qd3 Rxe6 25. Qxf5 Qf8 26. Nf6+ Rxf6 27. gxf6 Qxf6
28. Qxf6 Bxf6 29. Re4 Ne5 30. Ke2 Re8 31. Kd1 Kf7 32. Rf1 Rg8 33. Ref4 Ng4 34.
Bc3 Ne3+ 35. Ke2 Nxf1 36. Rxf6+ Ke7 37. Kxf1 d5 38. Rh6 d4 39. Rxh7+ Ke6 40.
Bd2 1-0